| 000 | 00537nam a2200181Ia 4500 | ||
|---|---|---|---|
| 999 |
_c32238 _d32238 |
||
| 003 | OSt | ||
| 005 | 20200805125118.0 | ||
| 008 | 190216s9999||||xx |||||||||||||| ||und|| | ||
| 040 | _coclc | ||
| 082 |
_a519.5 _bJOS/S |
||
| 100 |
_aJoseph, K X _9761 |
||
| 245 | 0 |
_aSubsidiary Statitics : _b For First Year Bsc / _cK X Joseph |
|
| 250 | _a3rd Ed. | ||
| 260 |
_bCalicut University Central Co-Operative, _aCalicut: _c2004. |
||
| 300 | _a506p | ||
| 650 | _aMathematics | ||
| 942 |
_cBK _2ddc _h519.5 _iJOS/S _k519.5 _mJOS/S |
||